LDR 00685naa#a2200205#i#450# 001 EN\\bibl\118719 005 20260419122132.7 011 ## _a1994-4683 100 ## _a20230428b2023####ek#y0engy0150####ca 102 ## _aRU 200 1# _aSTUDYING INTERPERSONAL RELATIONS AT STUDENT GROUP _eJournal article 210 1# _aMoscow _cNational State University of Physical Education, Sports and Health named after P.F. Lesgaft _d2023 215 ## _a4 с. 608 ## _aJournal article _2local 675 ## _aОрганизация учебной работы. 378.14 _z 700 #1 _aMalyshev _gA V 700 #1 _aSHaragin _gV I 700 #1 _aRomanova _gA V 700 #1 _aRazzhivin _gO A 856 4# _auchzapiski.lesgaft.spb.ru _u